Normal view MARC view
  • G. E. C

Entry Personal Name

Number of records used in: 1

001 - CONTROL NUMBER

  • control field: 80136

003 - CONTROL NUMBER IDENTIFIER

  • control field: NUST

005 - DATE AND TIME OF LATEST TRANSACTION

  • control field: 20210628210612.0

008 - FIXED-LENGTH DATA ELEMENTS

  • fixed length control field: 210628|| aca||aabn | a|a d

040 ## - CATALOGING SOURCE

  • Original cataloging agency: NUST
  • Transcribing agency: NUST

100 ## - HEADING--PERSONAL NAME

  • Personal name: G. E. C

670 ## - SOURCE DATA FOUND

  • Source citation: Work cat.: (NUST): G. E. C, AN APPROACH TO AUDIO FREQUENCY AMPLIFIERS DESIGN, 1957
© 2023 Central Library, National University of Sciences and Technology. All Rights Reserved.